LEADER 00619nam a2200181 i 4500 001 000000081936 003 CaOOAMICUS 005 20180221000000.0 008 180221s1973 it u000 u ita u 013 $a54176 040 $aSeMil$bita 245 10$aTempo ordinario, domeniche 18.-34. 300 $a398 p. 773 0 $tBibbia della Domenica.$dBologna : EDB, 1972-1975.$gAnno B. Vol.4$w()4492 850 $aSeMil 852 $aSeMil$W1$xVenegono$y1$m3K VI 29$j47088$B47088$CSeMilBibl$Z2$F49535 $81 961 $aRecupero: Seminario di Seveso 996 $6245$aTempo ordinario, domeniche 18.-34$9(OLS)http://semarc/title/404832 LEADER 00426naa a2200133 i 4500 001 000000323135 003 CaOOAMICUS 005 20180831173418.0 008 180831n it u000 u ita u 013 $a33474 040 $aSeMil$bita 245 12$aL'inizio della saggezza. 773 0 $tAntologia dei saggi di umanismo cristiano.$dPavia : [s.n.], 1973$gp.183-190$w()201462 996 $6245$aL'inizio della saggezza$9(OLS)http://semarc/title/396550